Moons of Saturn - Statistics

General Stats
  • This quiz has been taken 9 times
  • The average score is 45 of 269
Answer Stats
Answer % Correct
Dione
88%
Enceladus
88%
Iapetus
88%
Mimas
88%
Rhea
88%
Tethys
88%
Titan
88%
Hyperion
75%
Pan
75%
Phoebe
75%
Atlas
63%
Calypso
63%
Pandora
63%
Aegaeon
50%
Daphnis
50%
Epimetheus
50%
Hati
50%
Helene
50%
Narvi
50%
Prometheus
50%
S2009 S 1
50%
Telesto
50%
Ymir
50%
Aegir
38%
Beli
38%
Eggther
38%
Farbauti
38%
Fenrir
38%
Fornjot
38%
Hyrrokkin
38%
Ijiraq
38%
Janus
38%
Kari
38%
Kiviuq
38%
Methone
38%
Mundilfari
38%
Paaliaq
38%
Pallene
38%
S2023 S 1
38%
Skoll
38%
Surtur
38%
Tarvos
38%
Thrymr
38%
Albiorix
25%
Angrboda
25%
Anthe
25%
Bebhionn
25%
Bestla
25%
Erriapus
25%
Greip
25%
Gunnlod
25%
Jarnsaxa
25%
Loge
25%
Polydeuces
25%
S2019 S 1
25%
S2020 S 44
25%
Siarnaq
25%
Skrymir
25%
Suttungr
25%
Tarqeq
25%
Alvadi
13%
Bergelmir
13%
Geirrod
13%
Gerd
13%
Gridr
13%
S2019 S 10
13%
S2019 S 11
13%
S2019 S 12
13%
S2019 S 13
13%
S2019 S 14
13%
S2019 S 15
13%
S2019 S 16
13%
S2019 S 17
13%
S2019 S 18
13%
S2019 S 19
13%
S2019 S 2
13%
S2019 S 20
13%
S2019 S 21
13%
S2019 S 22
13%
S2019 S 23
13%
S2019 S 24
13%
S2019 S 25
13%
S2019 S 26
13%
S2019 S 27
13%
S2019 S 28
13%
S2019 S 29
13%
S2019 S 3
13%
S2019 S 30
13%
S2019 S 31
13%
S2019 S 32
13%
S2019 S 33
13%
S2019 S 34
13%
S2019 S 35
13%
S2019 S 36
13%
S2019 S 37
13%
S2019 S 38
13%
S2019 S 39
13%
S2019 S 40
13%
S2019 S41
13%
S2019 S 42
13%
S2019 S 43
13%
S2019 S 44
13%
S2019 S 5
13%
S2019 S 6
13%
S2019 S 7
13%
S2019 S 8
13%
S2019 S 9
13%
S2020 S 1
13%
S2020 S 10
13%
S2020 S 11
13%
S2020 S 12
13%
S2020 S 13
13%
S2020 S 14
13%
S2020 S 15
13%
S2020 S 16
13%
S2020 S 17
13%
S2020 S 18
13%
S2020 S 19
13%
S2020 S 2
13%
S2020 S 20
13%
S2020 S 21
13%
S2020 S 22
13%
S2020 S 23
13%
S2020 S 24
13%
S2020 S 25
13%
S2020 S 26
13%
S2020 S 27
13%
S2020 S 28
13%
S2020 S 29
13%
S2020 S 3
13%
S2020 S 30
13%
S2020 S 31
13%
S2020 S 32
13%
S2020 S 33
13%
S2020 S 34
13%
S2020 S 35
13%
S2020 S 36
13%
S2020 S 37
13%
S2020 S 38
13%
S2020 S 39
13%
S2020 S 40
13%
S2020 S 41
13%
S2020 S 42
13%
S2020 S 43
13%
S2020 S 5
13%
S2020 S 6
13%
S2020 S 7
13%
S2020 S 8
13%
S2020 S 9
13%
S2023 S 10
13%
S2023 S 11
13%
S2023 S 12
13%
S2023 S 13
13%
S2023 S 14
13%
S2023 S 15
13%
S2023 S 16
13%
S2023 S 17
13%
S2023 S 18
13%
S2023 S 19
13%
S2023 S 2
13%
S2023 S 20
13%
S2023 S 21
13%
S2023 S 22
13%
S2023 S 23
13%
S2023 S 24
13%
S2023 S 25
13%
S2023 S 26
13%
S2023 S 27
13%
S2023 S 28
13%
S2023 S 29
13%
S2023 S 3
13%
S2023 S 30
13%
S2023 S 31
13%
S2023 S 32
13%
S2023 S 33
13%
S2023 S 34
13%
S2023 S 35
13%
S2023 S 36
13%
S2023 S 37
13%
S2023 S 38
13%
S2023 S 39
13%
S2023 S 4
13%
S2023 S 40
13%
S2023 S 41
13%
S2023 S 42
13%
S2023 S 43
13%
S2023 S 44
13%
S2023 S 45
13%
S2023 S 46
13%
S2023 S 47
13%
S2023 S 48
13%
S2023 S 49
13%
S2023 S 5
13%
S2023 S 50
13%
S2023 S 6
13%
S2023 S 7
13%
S2023 S 8
13%
S2023 S 9
13%
Skathi
13%
Thiazzi
13%
S2004 S 12
0%
S2004 S 13
0%
S2004 S 17
0%
S2004 S 21
0%
S2004 S 24
0%
S2004 S 26
0%
S2004 S 28
0%
S2004 S 31
0%
S2004 S 34
0%
S2004 S 36
0%
S2004 S 37
0%
S2004 S 39
0%
S2004 S 40
0%
S2004 S 41
0%
S2004 S 42
0%
S2004 S 43
0%
S2004 S 44
0%
S2004 S 45
0%
S2004 S 46
0%
S2004 S 47
0%
S2004 S 48
0%
S2004 S 49
0%
S2004 S 50
0%
S2004 S 51
0%
S2004 S 52
0%
S2004 S 53
0%
S2004 S 54
0%
S2004 S 55
0%
S2004 S 56
0%
S2004 S 57
0%
S2004 S 58
0%
S2004 S 59
0%
S2004 S 60
0%
S2004 S 61
0%
S2004 S 7
0%
S2005 S 4
0%
S2005 S 5
0%
S2005 S 6
0%
S2005 S 7
0%
S2006 S 1
0%
S2006 S 10
0%
S2006 S 11
0%
S2006 S 12
0%
S2006 S 13
0%
S2006 S 14
0%
S2006 S 15
0%
S2006 S 16
0%
S2006 S 17
0%
S2006 S 18
0%
S2006 S 19
0%
S2006 S 21
0%
S2006 S 22
0%
S2006 S 23
0%
S2006 S 24
0%
S2006 S 25
0%
S2006 S 26
0%
S2006 S 27
0%
S2006 S 28
0%
S2006 S 29
0%
S2006 S 3
0%
S2006 S 9
0%
S2007 S 10
0%
S2007 S 11
0%
S2007 S 2
0%
S2007 S 3
0%
S2007 S 5
0%
S2007 S 6
0%
S2007 S 7
0%
S2007 S 9
0%
No matching quizzes found
Score Distribution
Percent of People with Each Score
Percentile by Number Answered
Your Score History
You have not taken this quiz